Statistiques concernant Les 15 meilleurs combattants de MMA tous les temps

Cliquez ici pour prendre le quiz!

Statistiques générales

  • Ce quiz a été pris 314 fois
  • Le résultat moyen est 8 sur 15

Statistiques - réponses

HintRéponse% Correct
2.Jon "Bones" Jones
95%
7.Khabib "The Eagle" Nurmagomedov
94%
1.Georges "Rush" St-Pierre
83%
4.Anderson "The Spider" Silva
60%
12.Israel "The Last Stylebender" Adesanya
57%
5.José Aldo "Junior"
53%
11.Kamaru "Nigerian Nightmare" Usman
52%
6.Daniel "DC" Cormier
50%
8.Alexander "The Great" Volkanovski
44%
3.Demetrious "Mighty Mouse" Johnson
43%
10.Stipe Miocic
41%
14.Max "Blessed" Holloway
38%
9."The Last Emperor" Fedor Emelianenko
27%
13Randy "The Natural" Couture
12%
15.Matt Hughes
5%

Distribution des résultats

Percentile par nombre de réponses

% des personnes avec chaque résultat

Votre développement - résultats

Vous n’avez pas pris ce quiz